000 00715nam a22002177a 4500
003 UA-OsUOA
001 53371
007 ta
008 20080331b un ||||| |||| 00| 0 ukr d
100 _aПшик Б.І.
090 _a330(477)
_bП-12
942 _cSA
040 _aUA-OsUOA
_bukr
_cUA-OsUOA
_dUA-OsUOA
245 _aПосилення державного впливу на процеси банківського інвестиційного кредитування в Україні
300 _aС.154-162
955 _a0
041 _aukr
080 _a330(477)
773 0 _w53360
_tРегіональна економіка
_dЛьвів
_d2007
_g4
650 7 _a330 Економіка взагалі
_2UDC
999 _c339458
_d339458